Inspection Manual for Highway Structures:Reference manual [vol-1] / (Record no. 1418)

000 -LEADER
fixed length control field 00270 a2200085 4500
082 ## - DEWEY DECIMAL CLASSIFICATION NUMBER
Classification number 624.20287 TSO
245 ## - TITLE STATEMENT
Title Inspection Manual for Highway Structures:Reference manual [vol-1] /
Statement of responsibility, etc. TSO
260 ## - PUBLICATION, DISTRIBUTION, ETC.
Place of publication, distribution, etc. London :
Date of publication, distribution, etc. TSO,
Name of publisher, distributor, etc. 2007
300 ## - PHYSICAL DESCRIPTION
Extent variouse pages :
Other physical details ill. col. ;
Dimensions 27cm
650 ## - SUBJECT ADDED ENTRY--TOPICAL TERM
Topical term or geographic name entry element Bridge Engineering
Holdings
Withdrawn status Lost status Damaged status Not for loan Permanent Location Current Location Shelving location Date acquired Total Checkouts Full call number Barcode Date last seen Price effective from Koha item type
        School of Civil and Environmental Engineering (SCEE) School of Civil and Environmental Engineering (SCEE)       624.20287 TSO NIT-6241 01/05/2017 01/05/2017 Book
© 2023 Central Library, National University of Sciences and Technology. All Rights Reserved.